[Event "Pirot Generations m 2nd"]
[Site "Pirot"]
[Date "2023.12.27"]
[Round "5.1"]
[White "Gu, Crystal Jiuzhou"]
[Black "Rihterovic, Milan"]
[Result "1/2-1/2"]
[WhiteElo "2045"]
[BlackElo "2209"]
[PlyCount "113"]
[EventDate "2023.12.27"]
[EventType "schev"]
[EventRounds "8"]
[EventCountry "SRB"]
[SourceTitle "CB01_2024"]
[SourceDate "2024.01.03"]
[SourceVersion "1"]
[SourceVersionDate "2024.01.03"]
[SourceQuality "1"]
[WhiteTeam "Youth"]
[BlackTeam "Experts"]
[WhiteTeamCountry "USA"]
[BlackTeamCountry "SRB"]

1. e4 e5 2. Nf3 Nc6 3. Bc4 Nf6 4. d3 Bc5 5. c3 d6 6. Nbd2 0-0 7. 0-0 Be6 8. Bb5 h6 9. h3 a6 10. Ba4 b5 11. Bc2 Bb6 12. Re1 Ne7 13. Nf1 Ng6 14. Ng3 Nf4 15. d4 Ng6 16. Nf5 exd4 17. N3xd4 Bd7 18. Ne3 Re8 19. Nd5 Nxd5 20. exd5 Rxe1+ 21. Qxe1 Qf6 22. Be3 Re8 23. Qd2 Re5 24. Nf3 Bxe3 25. fxe3 Re7 26. Rf1 Ne5 27. Nxe5 Qxe5 28. Rf3 g6 29. e4 Kg7 30. Qf4 Qxf4 31. Rxf4 Re5 32. Bd3 g5 33. Rf2 c6 34. dxc6 Bxc6 35. Rd2 d5 36. exd5 Rxd5 37. Rd1 f5 38. Bc2 f4 39. Rxd5 Bxd5 40. a4 Kf6 41. axb5 axb5 42. Kf2 Ke5 43. Bd3 Bc4 44. Bc2 Kd6 45. Bd1 Bd3 46. Kf3 Ke5 47. Kf2 Bg6 48. Be2 Be8 49. Bd3 h5 50. b4 g4 51. hxg4 hxg4 52. g3 Bd7 53. gxf4+ Kxf4 54. c4 g3+ 55. Kg1 Ke3 56. cxb5 Kxd3 57. Kg2 1/2-1/2

[Event "SRB-chT 2nd League East"]
[Site "Knic"]
[Date "2019.09.06"]
[Round "1.4"]
[White "Rihterovic, Milan"]
[Black "Spasic, Petar"]
[Result "0-1"]
[WhiteElo "2258"]
[BlackElo "2095"]
[PlyCount "69"]
[EventDate "2019.09.06"]
[EventType "team-tourn"]
[EventRounds "11"]
[EventCountry "SRB"]
[SourceTitle "EXT 2020"]
[Source "ChessBase"]
[SourceDate "2019.10.17"]
[SourceVersion "1"]
[SourceVersionDate "2019.10.17"]
[SourceQuality "1"]
[WhiteTeam "Nis Svitanja"]
[BlackTeam "Surdulica Radnik"]
[WhiteTeamCountry "SRB"]
[BlackTeamCountry "SRB"]

1. d4 c5 2. d5 Nf6 3. Nc3 d6 4. e4 g6 5. Nf3 Bg7 6. h3 0-0 7. Be2 Na6 8. 0-0 Nc7 9. a4 e6 10. dxe6 fxe6 11. Bg5 h6 12. Be3 b6 13. e5 Nfd5 14. exd6 Nxc3 15. bxc3 Nd5 16. Ra3 Qf6 17. Bd2 Bb7 18. c4 Nf4 19. Bxf4 Qxf4 20. Re3 e5 21. g3 Qf5 22. Nh4 Qxh3 23. Bf3 Rxf3 24. Nxf3 g5 25. Qd3 Kh8 26. Re4 Rf8 27. Nd2 Rd8 28. Rfe1 Bf8 29. Qf3 Kg7 30. Qc3 Bxd6 31. R1e3 Bc7 32. g4 Qh4 33. f3 Rd4 34. Nf1 Bxe4 35. Rxe4 0-1

[Event "SRB-chT2 East"]
[Site "Serbia"]
[Date "2018.09.09"]
[Round "5.6"]
[White "Rihterovic, Milan"]
[Black "Zivkovic, Nemanja"]
[Result "1-0"]
[WhiteElo "2263"]
[BlackElo "2293"]
[PlyCount "85"]
[EventDate "2018.09.07"]
[EventType "team-tourn"]
[EventRounds "11"]
[EventCountry "SRB"]
[SourceTitle "EXT 2021"]
[Source "ChessBase"]
[SourceDate "2020.10.23"]
[SourceVersion "1"]
[SourceVersionDate "2020.10.23"]
[SourceQuality "1"]
[WhiteTeam "Nis Svitanja"]
[BlackTeam "Leskovac Glubocica"]
[WhiteTeamCountry "SRB"]
[BlackTeamCountry "SRB"]

1. d4 Nf6 2. Nf3 e6 3. Bg5 h6 4. Bh4 g5 5. Bg3 d6 6. e3 Nh5 7. Bd3 Bg7 8. Nbd2 Nc6 9. c3 Bd7 10. Ng1 Nxg3 11. hxg3 Qe7 12. g4 0-0-0 13. Ne2 f5 14. gxf5 exf5 15. Qc2 Qf7 16. 0-0-0 Ne7 17. Kb1 Be6 18. b3 Nd5 19. Nc4 Rhf8 20. Qd2 Qd7 21. Nb2 Kb8 22. Rc1 c5 23. Nc4 b5 24. Na5 Qc7 25. b4 c4 26. Bc2 Ne7 27. a4 a6 28. axb5 axb5 29. Kb2 d5 30. Ra1 Nc8 31. Ng3 Rf7 32. Qe2 Qd6 33. Ra2 Bd7 34. Rha1 f4 35. Nh5 Re8 36. Nxg7 Rxg7 37. e4 dxe4 38. Bxe4 Rge7 39. f3 Bf5 40. Nxc4 bxc4 41. Ra8+ Kc7 42. Qxc4+ Kd8 43. Bxf5 1-0

[Event "SRB-chT2 East"]
[Site "Serbia"]
[Date "2018.09.08"]
[Round "3.5"]
[White "Rihterovic, Milan"]
[Black "Lazov, Toni"]
[Result "1/2-1/2"]
[WhiteElo "2263"]
[BlackElo "2292"]
[PlyCount "83"]
[EventDate "2018.09.07"]
[EventType "team-tourn"]
[EventRounds "11"]
[EventCountry "SRB"]
[SourceTitle "EXT 2021"]
[Source "ChessBase"]
[SourceDate "2020.10.23"]
[SourceVersion "1"]
[SourceVersionDate "2020.10.23"]
[SourceQuality "1"]
[WhiteTeam "Nis Svitanja"]
[BlackTeam "Surdulica Radnik"]
[WhiteTeamCountry "SRB"]
[BlackTeamCountry "SRB"]

1. d4 Nf6 2. Nf3 g6 3. Bg5 Bg7 4. Nbd2 0-0 5. e3 d6 6. Bd3 c5 7. 0-0 Nc6 8. c3 Qc7 9. Qe2 h6 10. Bh4 e5 11. dxe5 dxe5 12. Bxf6 Bxf6 13. e4 Bg7 14. Bc4 Kh8 15. Rfd1 f5 16. h3 f4 17. a3 Ne7 18. Nf1 Bd7 19. N1h2 Rad8 20. Ng4 h5 21. Ngh2 Bf6 22. Bd5 Nxd5 23. Rxd5 c4 24. Rad1 Be6 25. Rxd8 Rxd8 26. Nf1 b5 27. Rd2 Kg7 28. Ne1 Rxd2 29. Qxd2 g5 30. Nh2 Qd7 31. Qxd7+ Bxd7 32. Nf1 Be7 33. Nd2 Be6 34. Kf1 g4 35. hxg4 hxg4 36. Ke2 a5 37. Nc2 Kf6 38. Nf1 Kg5 39. g3 Bc5 40. Nd2 Bf7 41. Nf1 Bg6 42. Nd2 1/2-1/2

[Event "SRB-chT Cup"]
[Site "Kragujevac"]
[Date "2017.04.29"]
[Round "1.4"]
[White "Rihterovic, Milan"]
[Black "Simic, Vladica"]
[Result "1-0"]
[WhiteElo "2246"]
[BlackElo "2044"]
[PlyCount "131"]
[EventDate "2017.04.29"]
[EventType "team-swiss"]
[EventRounds "6"]
[EventCountry "SRB"]
[SourceTitle "EXT 2018"]
[Source "ChessBase"]
[SourceDate "2017.10.13"]
[SourceVersion "1"]
[SourceVersionDate "2017.10.13"]
[SourceQuality "1"]
[WhiteTeam "Cumic Prota"]
[BlackTeam "Negotin Hemicar"]
[WhiteTeamCountry "SRB"]
[BlackTeamCountry "SRB"]

1. d4 Nf6 2. Bg5 d5 3. Nf3 e6 4. Nbd2 Be7 5. e3 0-0 6. c3 h6 7. Bh4 b6 8. a4 a5 9. Ne5 Bb7 10. Bd3 Ne4 11. Bxe7 Qxe7 12. 0-0 Nd7 13. Nxd7 Qxd7 14. Nf3 f6 15. Qe2 Rfd8 16. Rfc1 c5 17. Qc2 Rac8 18. Nh4 g5 19. Nf3 Kg7 20. Nd2 Nxd2 21. Qxd2 e5 22. g3 e4 23. Be2 c4 24. Qd1 f5 25. b3 Ba6 26. Rab1 Qa7 27. b4 Rb8 28. f3 Qe7 29. Qd2 Qe8 30. fxe4 Qxe4 31. Bf1 b5 32. axb5 Rxb5 33. Bg2 Qd3 34. Qxd3 cxd3 35. Bf1 axb4 36. Bxd3 Rb6 37. Bxa6 Rxa6 38. cxb4 Rb6 39. b5 Kf6 40. Rc5 Ke6 41. Rbc1 f4 42. exf4 gxf4 43. Re1+ Kf5 44. Rf1 Ke4 45. Rxf4+ Kd3 46. Kg2 Rdb8 47. Rxd5 Rxb5 48. Rxb5 Rxb5 49. g4 h5 50. Kg3 hxg4 51. Kxg4 Ke3 52. h4 Rb1 53. d5 Rd1 54. Rf5 Rh1 55. Kh5 Ke4 56. Rg5 Ra1 57. d6 Rd1 58. Rg6 Kf5 59. Kh6 Rd4 60. h5 Rd1 61. Kg7 Ra1 62. Rf6+ Ke5 63. d7 Rg1+ 64. Kf7 Rd1 65. Re6+ Kf5 66. Ke7 1-0

[Event "SRB-chT Cup"]
[Site "Kragujevac"]
[Date "2016.04.20"]
[Round "1.2"]
[White "Rihterovic, Milan"]
[Black "Nestorovic, Lazar"]
[Result "1-0"]
[WhiteElo "2247"]
[BlackElo "2355"]
[PlyCount "69"]
[EventDate "2016.04.20"]
[EventType "team-swiss"]
[EventRounds "7"]
[EventCountry "SRB"]
[SourceTitle "EXT 2017"]
[Source "ChessBase"]
[SourceDate "2016.10.25"]
[SourceVersion "1"]
[SourceVersionDate "2016.10.25"]
[SourceQuality "1"]
[WhiteTeam "Cumic Prota"]
[BlackTeam "Vladimirci"]
[WhiteTeamCountry "SRB"]
[BlackTeamCountry "SRB"]

1. d4 Nf6 2. c4 e6 3. Nc3 Bb4 4. e3 0-0 5. Bd3 d6 6. Nf3 Bxc3+ 7. bxc3 Nbd7 8. 0-0 b6 9. e4 e5 10. Ne1 Re8 11. f3 Nf8 12. Nc2 Ng6 13. g3 Ba6 14. Ne3 Qd7 15. Rf2 b5 16. cxb5 Bxb5 17. Bxb5 Qxb5 18. Rb2 Qc6 19. Qb3 Qd7 20. Rab1 Qh3 21. Qc4 exd4 22. cxd4 c5 23. Rb7 Rf8 24. dxc5 Ne5 25. Qe2 Qh5 26. Kg2 Rae8 27. g4 Qg6 28. Nf5 Nexg4 29. fxg4 Nxe4 30. Re7 h5 31. Qxe4 d5 32. Rxe8 dxe4 33. Ne7+ Kh7 34. Nxg6 Rxe8 35. Nf4 1-0

[Event "Kragujevac New Year"]
[Site "Kragujevac"]
[Date "2015.01.16"]
[Round "9"]
[White "Milanovic, Mihailo"]
[Black "Rihterovic, Milan"]
[Result "1/2-1/2"]
[WhiteElo "2024"]
[BlackElo "2230"]
[PlyCount "28"]
[EventDate "2015.01.11"]
[EventType "tourn"]
[EventRounds "9"]
[EventCountry "SRB"]
[SourceTitle "CBM 164 Extra"]
[Source "ChessBase"]
[SourceDate "2015.03.02"]
[SourceVersion "1"]
[SourceVersionDate "2015.03.02"]
[SourceQuality "1"]

1. e4 e5 2. Nf3 Nc6 3. Bb5 a6 4. Ba4 Nf6 5. 0-0 Be7 6. Re1 b5 7. Bb3 d6 8. c3 0-0 9. h3 Na5 10. Bc2 c5 11. d4 Qc7 12. Nbd2 Nc6 13. Nf1 Re8 14. Ng3 g6 1/2-1/2

[Event "SRB-chT3 North CS"]
[Site "Sabac"]
[Date "2014.10.04"]
[Round "5.1"]
[White "Ljubinkovic, Miodrag"]
[Black "Rihterovic, Milan"]
[Result "1/2-1/2"]
[WhiteElo "2254"]
[BlackElo "2246"]
[PlyCount "83"]
[EventDate "2014.10.02"]
[EventType "team-swiss"]
[EventRounds "6"]
[EventCountry "SRB"]
[SourceTitle "EXT 2021"]
[Source "ChessBase"]
[SourceDate "2020.10.23"]
[SourceVersion "1"]
[SourceVersionDate "2020.10.23"]
[SourceQuality "1"]

1. d4 d5 2. Nf3 c5 3. c3 Nf6 4. Bf4 Qb6 5. Qb3 c4 6. Qc2 Nc6 7. h3 Bf5 8. Qc1 h6 9. Nbd2 e6 10. e3 Be7 11. Be2 0-0 12. Bd1 Qa5 13. Bc2 Bxc2 14. Qxc2 b5 15. 0-0 Nh5 16. Bh2 f5 17. g4 fxg4 18. hxg4 Nf6 19. g5 Ne4 20. gxh6 Nxd2 21. Nxd2 Rf6 22. hxg7 Kxg7 23. Kg2 Rh8 24. Bg3 Qd8 25. Rh1 Rfh6 26. Rxh6 Rxh6 27. Re1 Qe8 28. Rg1 Qh5 29. Kf1 Rg6 30. Ke1 Bd6 31. Nf1 Ne7 32. e4 Bf4 33. Qe2 Qxe2+ 34. Kxe2 dxe4 35. Rh1 Nd5 36. Rh4 Bc1 37. Be5+ Kf7 38. Rh7+ Ke8 39. Ng3 Bxb2 40. Nxe4 Nxc3+ 41. Nxc3 Bxc3 42. Rxa7 1/2-1/2

[Event "SRB-chT3 North CS"]
[Site "Sabac"]
[Date "2014.10.03"]
[Round "2"]
[White "Kotarac, Zoran"]
[Black "Rihterovic, Milan"]
[Result "0-1"]
[WhiteElo "2190"]
[BlackElo "2246"]
[PlyCount "134"]
[EventDate "2014.10.02"]
[EventType "team-swiss"]
[EventRounds "6"]
[EventCountry "SRB"]
[SourceTitle "EXT 2021"]
[Source "ChessBase"]
[SourceDate "2020.10.23"]
[SourceVersion "1"]
[SourceVersionDate "2020.10.23"]
[SourceQuality "1"]

1. d4 Nf6 2. Nf3 g6 3. c4 Bg7 4. Nc3 0-0 5. e4 d6 6. Bg5 c5 7. Qd2 Qa5 8. Be2 Bg4 9. d5 a6 10. 0-0 Nbd7 11. Bh6 Rfb8 12. Bxg7 Kxg7 13. a4 Qb4 14. a5 b5 15. axb6 Qxb6 16. Rfb1 Qc7 17. h3 Bxf3 18. Bxf3 Rb4 19. b3 Nf8 20. e5 Ne8 21. e6 f6 22. Bd1 Qb6 23. Na2 Nc7 24. Nxb4 cxb4 25. Qe3 Qb7 26. Ra5 Rb8 27. Rba1 g5 28. Bc2 Ng6 29. Bxg6 hxg6 30. Qd4 Rd8 31. g3 Rh8 32. Kh2 Rd8 33. Re1 Kh7 34. h4 gxh4 35. Qxh4+ Kg7 36. Qd4 Rh8+ 37. Kg2 Rh5 38. Raa1 Qa8 39. f4 a5 40. Rh1 Nxd5 41. Qe4 Nxf4+ 42. Kf3 Qxe4+ 43. Kxe4 Rxh1 44. Rxh1 Nxe6 45. Kd5 Nc5 46. Rb1 f5 47. Kc6 g5 48. Kb5 Kf6 49. Kxa5 e5 50. Kxb4 f4 51. Kc3 Ne4+ 52. Kd3 Nxg3 53. b4 e4+ 54. Kd2 Ke6 55. b5 Kd7 56. b6 Kc8 57. b7+ Kb8 58. Rb6 e3+ 59. Kd3 e2 60. Rb1 g4 61. Kd2 f3 62. Ke3 Nf1+ 63. Kf2 g3+ 64. Kxf3 Nd2+ 65. Kxe2 Nxb1 66. Kf3 Kxb7 67. Kxg3 Kc6 0-1

[Event "SRB-chT3 North CS"]
[Site "Sabac"]
[Date "2014.10.02"]
[Round "1.4"]
[White "Rihterovic, Milan"]
[Black "Biocanin, Goran"]
[Result "0-1"]
[WhiteElo "2246"]
[BlackElo "2258"]
[PlyCount "126"]
[EventDate "2014.10.02"]
[EventType "team-swiss"]
[EventRounds "6"]
[EventCountry "SRB"]
[SourceTitle "EXT 2021"]
[Source "ChessBase"]
[SourceDate "2020.10.23"]
[SourceVersion "1"]
[SourceVersionDate "2020.10.23"]
[SourceQuality "1"]

1. d4 Nf6 2. c4 e6 3. Nc3 Bb4 4. e3 b6 5. Bd3 Bb7 6. Nf3 Ne4 7. 0-0 Bxc3 8. bxc3 0-0 9. Ne1 f5 10. f3 Nf6 11. a4 d6 12. a5 c5 13. Rf2 Nc6 14. Rb2 Qc7 15. axb6 axb6 16. Rab1 Nd7 17. f4 Na5 18. Nf3 Bxf3 19. gxf3 cxd4 20. cxd4 Nxc4 21. Rc2 d5 22. Bxc4 dxc4 23. Rb4 Rfc8 24. Qe2 c3 25. Rb3 Nf6 26. e4 fxe4 27. fxe4 Qb7 28. Rbxc3 Rxc3 29. Rxc3 Qxe4 30. Qxe4 Nxe4 31. Rc6 Kf7 32. Rxb6 Nc3 33. Kf2 Ra2+ 34. Kf3 Nd5 35. Rb2 Ra3+ 36. Kg2 Rd3 37. Rd2 Nxf4+ 38. Kf1 Rf3+ 39. Kg1 g5 40. Ra2 Nh3+ 41. Kg2 g4 42. Ra3 Rf2+ 43. Kg3 h5 44. Ra5 Kg6 45. Ra6 Rf3+ 46. Kg2 Kf7 47. Ra5 Rc3 48. Ba3 Rd3 49. Bc5 Rd1 50. Kg3 Kg6 51. Ra8 Rd3+ 52. Kh4 Ng5 53. Rg8+ Kh7 54. Kxg5 Kxg8 55. Kxh5 g3 56. hxg3 Rxg3 57. Bd6 Rg2 58. Be5 Kf7 59. Kh4 Ke8 60. Kh3 Rg8 61. Bg3 Kd7 62. Kg2 Kc6 63. Kf3 Rxg3+ 0-1

[Event "Kragujevac-ch"]
[Site "Kragujevac"]
[Date "2013.03.29"]
[Round "8"]
[White "Jovanovic, Bojan P"]
[Black "Rihterovic, Milan"]
[Result "0-1"]
[WhiteElo "2198"]
[BlackElo "2199"]
[PlyCount "54"]
[EventDate "2013.03.21"]
[EventType "tourn"]
[EventRounds "9"]
[EventCountry "SRB"]
[SourceTitle "CBM 153 Extra"]
[Source "ChessBase"]
[SourceDate "2013.04.22"]
[SourceVersion "1"]
[SourceVersionDate "2013.04.22"]
[SourceQuality "1"]

1. d4 d5 2. c4 e6 3. Nf3 Nf6 4. Nc3 c6 5. Bg5 Be7 6. e3 Nbd7 7. cxd5 exd5 8. Bd3 0-0 9. 0-0 Ne4 10. Bxe7 Qxe7 11. Bxe4 dxe4 12. Nd2 Nf6 13. Qc2 Re8 14. Rab1 Bf5 15. b4 Rad8 16. Rfc1 Ng4 17. Nf1 Qh4 18. h3 Rd6 19. Ng3 Nxe3 20. Qe2 Nxg2 21. Nxf5 Qxh3 22. Nxe4 Rde6 23. Ng5 Qxf5 24. Nxe6 Rxe6 25. Qc2 Qg5 26. Qc5 f5 27. Kf1 Nf4 0-1

[Event "Kragujevac-ch"]
[Site "Kragujevac"]
[Date "2013.03.26"]
[Round "5"]
[White "Rihterovic, Milan"]
[Black "Pavlovic, Goran"]
[Result "1-0"]
[WhiteElo "2199"]
[BlackElo "2394"]
[PlyCount "107"]
[EventDate "2013.03.21"]
[EventType "tourn"]
[EventRounds "9"]
[EventCountry "SRB"]
[SourceTitle "CBM 153 Extra"]
[Source "ChessBase"]
[SourceDate "2013.04.22"]
[SourceVersion "1"]
[SourceVersionDate "2013.04.22"]
[SourceQuality "1"]

1. c4 c5 2. Nc3 Nc6 3. Nf3 g6 4. g3 Bg7 5. Bg2 e5 6. d3 Nge7 7. 0-0 0-0 8. Bg5 h6 9. Bd2 d6 10. Qc1 Kh7 11. Rb1 Be6 12. h4 Qd7 13. a3 Nd4 14. b4 b6 15. Re1 Rac8 16. bxc5 dxc5 17. a4 f5 18. a5 bxa5 19. Nxd4 cxd4 20. Nb5 Nc6 21. Qa3 a6 22. Nd6 Rb8 23. c5 Qc7 24. Rec1 Bd7 25. h5 gxh5 26. Qa2 Nb4 27. Qc4 Bb5 28. Qe6 Qd8 29. Bxb4 axb4 30. Rxb4 Bd7 31. Rxb8 Bxe6 32. Rxd8 Rxd8 33. Ra1 Bf8 34. Nb7 Ra8 35. c6 Kg6 36. c7 Ra7 37. Nd8 Bc8 38. Bb7 a5 39. Bxc8 Rxc7 40. Ba6 Be7 41. Ne6 Ra7 42. Bc4 a4 43. f4 Kf6 44. Kf2 a3 45. fxe5+ Kxe5 46. Nf4 Bd6 47. Nxh5 Rb7 48. Kf3 Rb8 49. Nf4 Bc5 50. Rh1 Rb6 51. Rh5 Bf8 52. g4 Rf6 53. Nd5 Rf7 54. Nb6 1-0

[Event "SRB-chT3 North CS"]
[Site "Serbia"]
[Date "2012.09.23"]
[Round "4.3"]
[White "Lukic, Predrag"]
[Black "Rihterovic, Milan"]
[Result "1-0"]
[WhiteElo "2190"]
[BlackElo "2184"]
[PlyCount "117"]
[EventDate "2012.09.21"]
[EventType "team"]
[EventRounds "10"]
[EventCountry "SRB"]
[SourceTitle "EXT 2015"]
[Source "ChessBase"]
[SourceDate "2014.11.20"]
[SourceVersion "1"]
[SourceVersionDate "2014.11.20"]
[SourceQuality "1"]

1. d4 Nf6 2. c4 g6 3. Nc3 Bg7 4. e4 d6 5. Nf3 0-0 6. Be2 e5 7. 0-0 Nbd7 8. Re1 a5 9. Bf1 Re8 10. d5 Nc5 11. b3 Nh5 12. g3 f5 13. Nd2 Rf8 14. Rb1 Bh6 15. exf5 Bxf5 16. Nde4 Bxc1 17. Rxc1 Nxe4 18. Nxe4 Bxe4 19. Rxe4 Ng7 20. Bg2 b6 21. Qd2 Nh5 22. a3 Qd7 23. Rce1 Qg7 24. Bh3 Kh8 25. R4e2 Qf6 26. Bg2 Rf7 27. Rf1 Raf8 28. b4 axb4 29. axb4 Ra8 30. c5 bxc5 31. bxc5 Rff8 32. Qc3 Ng7 33. Rb2 Rac8 34. Rb7 Nf5 35. f4 exf4 36. Qxf6+ Rxf6 37. Rxf4 dxc5 38. g4 Nd6 39. Rxf6 Nxb7 40. Rc6 Kg8 41. Bf1 Nd6 42. Rxc5 Kf8 43. Rc3 Ne8 44. Bb5 Nf6 45. d6 c5 46. g5 Rd8 47. gxf6 Rxd6 48. Rf3 Rd4 49. f7 c4 50. Be8 g5 51. Rh3 Rg4+ 52. Kf2 Kg7 53. Ke1 Rf4 54. Kd2 Rf5 55. Rh5 h6 56. h4 Rf2+ 57. Kc3 Rh2 58. Rxh6 Rh3+ 59. Kb4 1-0

[Event "SRB-chT3 North CS"]
[Site "Serbia"]
[Date "2012.09.22"]
[Round "2.6"]
[White "Rihterovic, Milan"]
[Black "Sreckovic, Predrag"]
[Result "1-0"]
[WhiteElo "2184"]
[BlackElo "2107"]
[PlyCount "81"]
[EventDate "2012.09.21"]
[EventType "team"]
[EventRounds "10"]
[EventCountry "SRB"]
[SourceTitle "EXT 2015"]
[Source "ChessBase"]
[SourceDate "2014.11.20"]
[SourceVersion "1"]
[SourceVersionDate "2014.11.20"]
[SourceQuality "1"]

1. c4 Nf6 2. Nc3 g6 3. Nf3 Bg7 4. g3 0-0 5. Bg2 d6 6. 0-0 c5 7. d3 Nc6 8. a3 a5 9. Rb1 e5 10. Ne1 Ne8 11. Nc2 f5 12. Ne3 f4 13. Ned5 g5 14. e3 Rb8 15. Be4 Nf6 16. Nxf6+ Qxf6 17. Qh5 Qh6 18. Qxh6 Bxh6 19. Bd2 Bh3 20. Rfe1 fxg3 21. hxg3 Kh8 22. Nd5 Rf7 23. Bc3 Rbf8 24. Re2 Bg7 25. b4 axb4 26. axb4 Rb8 27. bxc5 dxc5 28. Reb2 Nd8 29. Rb6 Ra8 30. Ra1 Rxa1+ 31. Bxa1 Bd7 32. Nc3 Bc6 33. Kf1 h6 34. Ke2 Rd7 35. Bb2 Kg8 36. g4 Kf8 37. Ba3 Ke8 38. Bxc5 Bf8 39. Bxf8 Kxf8 40. Bxc6 Nxc6 41. Ne4 1-0

[Event "SRB-chT3 North CS"]
[Site "Serbia"]
[Date "2012.09.21"]
[Round "1.4"]
[White "Cabarkapa, Miomir"]
[Black "Rihterovic, Milan"]
[Result "0-1"]
[WhiteElo "2157"]
[BlackElo "2184"]
[PlyCount "56"]
[EventDate "2012.09.21"]
[EventType "team"]
[EventRounds "10"]
[EventCountry "SRB"]
[SourceTitle "EXT 2015"]
[Source "ChessBase"]
[SourceDate "2014.11.20"]
[SourceVersion "1"]
[SourceVersionDate "2014.11.20"]
[SourceQuality "1"]

1. Nf3 c5 2. c4 g6 3. Nc3 Bg7 4. g3 e6 5. Bg2 Ne7 6. 0-0 Nbc6 7. d3 0-0 8. Bg5 h6 9. Bf4 d6 10. Nb5 e5 11. Bd2 Be6 12. Qc1 Kh7 13. e4 Qd7 14. Nc3 Bg4 15. Nh4 g5 16. Nf3 Nd4 17. Nxd4 exd4 18. Re1 dxc3 19. bxc3 Ng6 20. f4 gxf4 21. gxf4 Nh4 22. Re3 Nxg2 23. Kxg2 f5 24. Rg3 Bf6 25. h3 Bh5 26. Qf1 Rg8 27. Rxg8 Rxg8+ 28. Kh2 Qg7 0-1

[Event "Kragujevac-ch"]
[Site "Kragujevac"]
[Date "2012.02.27"]
[Round "7"]
[White "Rihterovic, Milan"]
[Black "Mimovic, Predrag"]
[Result "1-0"]
[WhiteElo "2234"]
[BlackElo "2025"]
[PlyCount "101"]
[EventDate "2012.02.20"]
[EventType "tourn"]
[EventRounds "11"]
[EventCountry "SRB"]
[SourceTitle "EXT 2019"]
[Source "ChessBase"]
[SourceDate "2018.10.10"]
[SourceVersion "1"]
[SourceVersionDate "2018.10.10"]
[SourceQuality "1"]

1. d4 d6 2. e4 Nf6 3. Nc3 g6 4. Bg5 Bg7 5. f3 c6 6. Qd2 Nbd7 7. 0-0-0 Qa5 8. Kb1 a6 9. Nge2 b5 10. Nc1 b4 11. N3e2 h6 12. Be3 Nb6 13. Nb3 Qa4 14. Nec1 Rb8 15. g4 Be6 16. h4 Nc4 17. Bxc4 Bxc4 18. Bf4 Rd8 19. e5 Nd5 20. exd6 exd6 21. Rde1+ Kf8 22. Qh2 Nxf4 23. Qxf4 Kg8 24. h5 g5 25. Qe3 Bd5 26. Qd3 Qb5 27. Qd1 a5 28. Rhf1 a4 29. Na1 c5 30. f4 c4 31. fxg5 c3 32. Rf5 cxb2 33. Kxb2 Qc4 34. Qd3 Qxd4+ 35. Qxd4 Bxd4+ 36. Kb1 Be6 37. Ra5 b3 38. Rxa4 Bc3 39. Re3 bxc2+ 40. Nxc2 Rb8+ 41. Nb3 Bxb3 42. axb3 Rxb3+ 43. Kc1 Bb2+ 44. Kd2 Rxe3 45. Nxe3 hxg5 46. Nf5 Be5 47. Ra7 f6 48. Rd7 Kf8 49. Kd3 d5 50. Ra7 Kg8 51. Ne7+ 1-0

[Event "SRB-chT2 West CS"]
[Site "Serbia"]
[Date "2011.10.13"]
[Round "6.5"]
[White "Rihterovic, Milan"]
[Black "Gavrilovic, Leonardo"]
[Result "1-0"]
[WhiteElo "2245"]
[BlackElo "2262"]
[PlyCount "89"]
[EventDate "2011.09.11"]
[EventType "team"]
[EventRounds "11"]
[EventCountry "SRB"]
[SourceTitle "EXT 2015"]
[Source "ChessBase"]
[SourceDate "2014.11.20"]
[SourceVersion "1"]
[SourceVersionDate "2014.11.20"]
[SourceQuality "1"]

1. d4 Nf6 2. c4 e6 3. Nc3 Bb4 4. e3 b6 5. Bd3 Bb7 6. Nf3 c5 7. 0-0 Bxc3 8. bxc3 d6 9. Nd2 Nc6 10. Nb3 0-0 11. a4 Qc7 12. Ba3 Rfd8 13. e4 Ne7 14. Nd2 e5 15. d5 Ng6 16. g3 Bc8 17. Re1 h6 18. Nf1 Bh3 19. Ne3 Qd7 20. Bc1 Re8 21. Ra2 Ng4 22. Nf5 Nf6 23. Ne3 Ng4 24. a5 Nxe3 25. Bxe3 bxa5 26. Rxa5 Qc7 27. Ra2 Qc8 28. Qe2 Re7 29. Rea1 a6 30. Ra5 Kh7 31. Bc2 Rea7 32. Ba4 f5 33. exf5 Bxf5 34. f3 Rb8 35. Bc2 Rab7 36. Bc1 e4 37. Bxe4 Re7 38. Rxa6 Bxe4 39. fxe4 Rb1 40. Rxb1 Qxa6 41. Bf4 Rf7 42. Rf1 Rb7 43. h4 Qa3 44. Bxd6 Rb2 45. Qf3 1-0

[Event "SRB-chT2 West"]
[Site "Valjevo"]
[Date "2010.09.12"]
[Round "1"]
[White "Rihterovic, Milan"]
[Black "Rikalovic, Milan"]
[Result "1-0"]
[WhiteElo "2242"]
[BlackElo "2098"]
[PlyCount "131"]
[EventDate "2010.09.12"]
[EventType "team-tourn"]
[EventRounds "9"]
[EventCountry "YUG"]
[SourceTitle "EXT 2011"]
[Source "ChessBase"]
[SourceDate "2010.11.26"]
[SourceVersion "1"]
[SourceVersionDate "2010.11.26"]
[SourceQuality "1"]

1. d4 d5 2. c4 c6 3. Nf3 Nf6 4. Nc3 e6 5. Bg5 Nbd7 6. e3 Be7 7. Rc1 h6 8. Bh4 0-0 9. Bd3 Re8 10. 0-0 Nh7 11. Bg3 Bf6 12. Qc2 Nhf8 13. Rfd1 Nb6 14. b3 a6 15. e4 g6 16. Qd2 Kg7 17. Bf4 g5 18. Bg3 Ng6 19. e5 Be7 20. c5 Nd7 21. Bb1 g4 22. Bxg6 fxg6 23. Ne1 h5 24. Nd3 Nf8 25. Bf4 g5 26. Be3 Ng6 27. Na4 Rf8 28. Nb6 Rb8 29. Rb1 Rf5 30. b4 Qf8 31. a4 Nf4 32. b5 axb5 33. axb5 Kg6 34. Ra1 Bd8 35. bxc6 Bxb6 36. cxb6 bxc6 37. Bxf4 gxf4 38. Rdb1 f3 39. g3 Qd8 40. Nf4+ Kg7 41. Ra7+ Kg8 42. Qb4 h4 43. Qd6 Qxd6 44. exd6 Rf7 45. Rc7 hxg3 46. hxg3 Ba6 47. Nxe6 Rxc7 48. Nxc7 Bc8 49. Kf1 Bf5 50. Rb2 Kf7 51. b7 Bd3+ 52. Ke1 Bb5 53. Nxd5 Rxb7 54. Nc3 Ke6 55. Kd2 Kxd6 56. Ke3 Ba6 57. Ne4+ Ke7 58. Rxb7+ Bxb7 59. Kf4 Bc8 60. Ke5 Be6 61. Nd6 Kd7 62. Nf5 Bc4 63. Kf6 Bd3 64. Ne3 Kd6 65. Kg5 Be2 66. Kxg4 1-0

[Event "Kragujevac op"]
[Site "Kragujevac"]
[Date "2009.04.13"]
[Round "6"]
[White "Jovanovic, Bojan P"]
[Black "Rihterovic, Milan"]
[Result "1-0"]
[WhiteElo "2010"]
[BlackElo "2284"]
[PlyCount "81"]
[EventDate "2009.04.11"]
[EventType "swiss"]
[EventRounds "9"]
[EventCountry "YUG"]
[SourceTitle "EXT 2010"]
[Source "ChessBase"]
[SourceDate "2010.11.25"]
[SourceVersion "1"]
[SourceVersionDate "2010.11.25"]
[SourceQuality "1"]

1. d4 Nf6 2. Nf3 e6 3. Bf4 b6 4. e3 Bb7 5. Be2 Be7 6. h3 0-0 7. 0-0 d6 8. c4 Nbd7 9. Nc3 Re8 10. Qc2 Bf8 11. Rfd1 Qe7 12. Nb5 Rec8 13. Rac1 Ne4 14. d5 f5 15. Nfd4 exd5 16. Nxf5 Qf7 17. cxd5 Nef6 18. e4 a5 19. b3 Nc5 20. f3 Nh5 21. Be3 Re8 22. a3 Rac8 23. b4 axb4 24. axb4 Nd7 25. Ra1 g6 26. Nh6+ Bxh6 27. Bxh6 Qf6 28. Qd2 Ng3 29. Bf1 Nxf1 30. Rxf1 Ra8 31. Rxa8 Rxa8 32. Nxc7 Ra4 33. Be3 Qe7 34. Bd4 Nc5 35. bxc5 dxc5 36. Ne6 cxd4 37. Nxd4 Qc5 38. Rd1 b5 39. Kh1 Rc4 40. Ne6 Qd6 41. Qh6 1-0